Central Library OPAC University of Rajshahi

Personnel management in India; (Record no. 77158)

MARC details
000 -LEADER
fixed length control field 00958cam a22002891 4500
001 - CONTROL NUMBER
control field 77158
003 - CONTROL NUMBER IDENTIFIER
rucl marc code BD-RjUL
005 - DATE AND TIME OF LATEST TRANSACTION
control field 20211209082931.0
008 - FIXED-LENGTH DATA ELEMENTS--GENERAL INFORMATION
fixed length control field 200227s1962 ii 001 0 eng
035 ## - SYSTEM CONTROL NUMBER
System control number (BD-RjUL)
System control number (OCoLC)1947673
040 ## - CATALOGING SOURCE
Original cataloging agency DLC
Transcribing agency OKentU
Modifying agency DLC
Language of cataloging eng
041 ## - LANGUAGE CODE
Language code of text/sound track or separate title eng
042 ## - AUTHENTICATION CODE
Authentication code premarc
082 ## - DEWEY DECIMAL CLASSIFICATION NUMBER
Edition number 19
Classification number 658.3
Author mark and year IND 1962
110 2# - MAIN ENTRY--CORPORATE NAME
Corporate name or jurisdiction name as entry element Indian Institute of Personnel Management.
9 (RLIN) 240021
245 10 - TITLE STATEMENT
Title Personnel management in India;
Remainder of title the practical approach to human relations in industry.
Statement of responsibility, etc. Editorial Board: R. M. Sen Gupta, chairman; Mary Sur, editor [and others.
260 ## - PUBLICATION, DISTRIBUTION, ETC. (IMPRINT)
Place of publication, distribution, etc. Bmbay :
Name of publisher, distributor, etc. Asia Pub. House
Date of publication, distribution, etc. [1962]
300 ## - PHYSICAL DESCRIPTION
Pagination 316 p.
Size 23 cm.
504 ## - BIBLIOGRAPHY, ETC. NOTE
Bibliography, etc Includes bibliography.
650 #0 - SUBJECT ADDED ENTRY--TOPICAL TERM
Topical term or geographic name as entry element Personnel management
Geographic subdivision India.
9 (RLIN) 240022
Topical term or geographic name as entry element Industrial relations
Geographic subdivision India.
9 (RLIN) 240023
906 ## - LOCAL DATA ELEMENT F, LDF (RLIN)
a 7
b cbc
c oclcrpl
d u
e ncip
f 19
g y-gencatlg
942 ## - ADDED ENTRY ELEMENTS (KOHA)
Source of classification or shelving scheme Dewey Decimal Classification
Koha item type Books
Holdings
Lost status Source of classification or shelving scheme Damaged status Not for loan Collection code Permanent Location Current Location Shelving location Date acquired Source of acquisition Cost, normal purchase price Total Checkouts Full call number Date last seen Copy number Koha item type
  Dewey Decimal Classification     Non-fiction Central Library, University of Rajshahi Central Library, University of Rajshahi   21/11/1970 Swets & Zeitlinger 25.00   658.3 IND 1962 27/02/2020 C-4 Books